Normal view
MARC view
- الاعراب-البلاغة-الاملاء-اللغة العربية
Entry Topical Term
001 - CONTROL NUMBER
- control field: 38213
003 - CONTROL NUMBER IDENTIFIER
- control field: JO-AjAnu
005 - DATE AND TIME OF LATEST TRANSACTION
- control field: 20230606080351.0
008 - FIXED-LENGTH DATA ELEMENTS
- fixed length control field: 230606|| aca||aabn | a|a d
040 ## - CATALOGING SOURCE
- Original cataloging agency: JO-AjAnu
- Transcribing agency: JO-AjAnu
150 ## - HEADING--TOPICAL TERM
- Topical term or geographic name entry element: الاعراب-البلاغة-الاملاء-اللغة العربية
670 ## - SOURCE DATA FOUND
- Source citation: Work cat.: (JO-AjAnu)19603: الهنداوي، خليل؛ عبد الرحمن عطبة؛ فاضل ضياء, author 38212, نماذج تطبيقية في الإعراب والبلاغة والعروض والشرح الأدبي